000 00448nam a2200193Ia 4500
005 20250423094821.0
008 250422s9999 xx 000 0 und d
020 _a978-1-292-06730-8
050 _aKN 261 .M3/
100 _aMa, Fang
245 0 _aCompany Law.
250 _a2nd.ed
260 _aEngland
260 _bPearson Education Limited
260 _c2016
300 _a265 p
650 _aCompany law--Great Britain.
942 _cBK
999 _c28380
_d28380